000 00567nam a2200193 a 4500
001 1775555652975
003 YourLibrary
005 20260407152611.0
008 260407s2002##################000#0#eng##
020 _a9780333801482
082 0 4 _a355.03304109
_bGRE
100 1 _aGregorian, Raffi,
_eauthor.
245 1 0 _aThe British Army, the Gurkhas and Cold War Strategy in the Far East, 1947-1954 :
260 _bPalgrave Macmillan,
_c2002.
300 _a360 pages
650 0 _aPolitical Science.
942 _cENGLISH
040 _aYourLibrary
_beng
_cYourLibrary
999 _c618749
_d618749